01728 a2200205 45000010003000000050017000030080041000200030015000610400040000760800056001162450039001720200018002112640054002293000022002835051011003050410008013161000020013247000018013448560160013622520260407155403.0260407a1988 arg spa dAR-UNSa-BCEJYS aAR-UNSa-BCEJYSbspacAR-UNSa-BCEJYS a336.14xPresupuesto público. Presupuesto nacional10aAspectos del presupuesto público a1-557-75014-9 1aWashington :bFondo Monetario Internacionalc1988 ax, 285 p.c23 cm. a1. Introducción - 2. Parámetros de política fiscal en la formulación de presupuestos - 3. El crecimiento del gasto público: repaso del análisis cuantitativo - 4. Temas recurrentes eb materia de elaboración del presupuesto - 5. Deuda pública, inflación y déficit fiscal - 6. Programación financiera y proyecciones de los gastos públicos - 7. El control del gasto: cuestiones políticas, institucionales y operativas - 8. Cuestiones económicas en los programas de crédito oficial - 9. Enseñanzas que deben recoger los PRI y los PMD de los resultados obtenidos por las democracias industrializadas en materia presupuestaria - 10. El presupuesto en condiciones de inflación - 11. La ejecución del presupuesto y el manejo de caja - 12. Contabilidad gubernamental y sistemas de información financiera - 13. Gestión de la deuda pública interna y externa - 14. El Estado y las empresas públicas: relaciones presupuestarias - 15. Financiamiento de las empresas públicas  aspa1 aAntonaya, A. L.1 aPremchand, A.41uhttps://biblioeco.unsa.edu.ar/pmb/images/libros/Aspectos del presupuesto p?blico Premchand, A. ; Antonaya, A. L. (1988).jpgyImagen de portadaqimage/jpeg